ARRUPE JESUIT UNIVERSITY

CORONAVIRUS -STOP THE SPREAD - CLEAN,DISINFECT,COVER

Mzee Jomo Kenyatta (Record no. 64085)

MARC details
000 -LEADER
fixed length control field 00469nam a2200193Ia 4500
003 - CONTROL NUMBER IDENTIFIER
control field 0100
005 - DATE AND TIME OF LATEST TRANSACTION
control field 20170512142249.0
008 - FIXED-LENGTH DATA ELEMENTS--GENERAL INFORMATION
fixed length control field 130303s9999 xx 000 0 und d
040 ## - CATALOGING SOURCE
Transcribing agency ARRUPELIB
050 ## - LIBRARY OF CONGRESS CALL NUMBER
Classification number DT433.576.K46A834 1992
300 ## - PHYSICAL DESCRIPTION
Other physical details 21cm.
100 ## - MAIN ENTRY--PERSONAL NAME
Personal name Aseka, Eric M.
9 (RLIN) 30827
245 ## - TITLE STATEMENT
Title Mzee Jomo Kenyatta
260 ## - PUBLICATION, DISTRIBUTION, ETC. (IMPRINT)
Name of publisher, distributor, etc East African Educational Publishers
Place of publication, distribution, etc Nairobi
Date of publication, distribution, etc 1992
300 ## - PHYSICAL DESCRIPTION
Extent 67p.
440 ## - SERIES STATEMENT/ADDED ENTRY--TITLE
Title Makers of Kenya's history No. 1
9 (RLIN) 30828
600 ## - SUBJECT ADDED ENTRY--PERSONAL NAME
Personal name Kenyatta, Jomo
9 (RLIN) 13104
942 ## - ADDED ENTRY ELEMENTS (KOHA)
Source of classification or shelving scheme Library of Congress Classification
Koha item type Monograph ( Printed materials)
Holdings
Withdrawn status Lost status Source of classification or shelving scheme Damaged status Not for loan Collection code Home library Current library Shelving location Date acquired Total Checkouts Full call number Barcode Date last seen Date checked out Copy number Price effective from Koha item type
    Library of Congress Classification     Main Collection ARRUPE LIBRARY ARRUPE LIBRARY   05/03/2013 1 DT433.576.K46A834 1992 46003097238 07/12/2017 29/12/2016 1 05/03/2013 Monograph ( Printed materials)

 

Arrupe Library. PO Box MP320 Mt Pleasant, Harare, Zimbabwe
263 242 745411|librarian@aju.ac.zw